Test cricket cities - sudden death - Statistics

General Stats
  • This quiz has been taken 88 times
  • The average score is 12 of 28
Answers on the Grid
Answers color-coded by a green-red scale on the quiz's grid according to % correct below.
Nottingham
Brasilia
Durban
John o' Groats
Sahibzada Ajit Singh Nagar
Cannes
Perth
Delhi
Chester-le-Street
Quebec City
Prague
Auckland
Sheikhupura
Karachi
Kiev
Colombo
Dakar
Georgetown
Buenos Aires
Bridgetown
Honolulu
Timbuktu
Leeds
Guantanamo
Galle
Tijuana
Cardiff
Sydney
Potchefstroom
Ulaanbaatar
Panama City
Bethlehem
Cape Town
Barcelona
Bogra
Shanghai
Port of Spain
Johannesburg
Rodney Bay
Tokyo
Taunggyi
Belgrade
Dhaka
Turkistan
San Diego
Rajkot
Gaza
Pretoria
Gujranwala
Amritsar
Kingston
Madurai
Harare
Wellington
 
Answer Stats
Answer % Correct
Nottingham
81%
Karachi
72%
Delhi
70%
Australia Perth
70%
Durban
67%
Cape Town
63%
Colombo
63%
Sydney
63%
Auckland
60%
Leeds
60%
Johannesburg
58%
Barbados Bridgetown
47%
Dhaka
47%
Guyana Georgetown
46%
Port of Spain
44%
Sri Lanka Galle
42%
Wellington
42%
Cardiff
37%
England Chester-le-Street
35%
Jamaica Kingston
33%
Zimbabwe Harare
32%
India Rajkot
32%
Pakistan Gujranwala
12%
South Africa Potchefstroom
12%
Pakistan Sheikhupura
11%
Bangladesh Bogra
5%
Gros Islet Quarter, St. Lucia Rodney Bay
5%
a.k.a Mohali, India Sahibzada Ajit Singh Nagar
4%
No matching quizzes found
Score Distribution
Percent of People with Each Score
Percentile by Number Answered
Your Score History
You have not taken this quiz